Studies in the Epistle to the Romans. (Record no. 5698)

000 -LEADER
fixed length control field 00577nam a2200181 a 4500
001 - CONTROL NUMBER
control field :::00003440$&:&@@
003 - CONTROL NUMBER IDENTIFIER
control field OkBaRHE
005 - DATE AND TIME OF LATEST TRANSACTION
control field 20000607103305.0
008 - FIXED-LENGTH DATA ELEMENTS--GENERAL INFORMATION
fixed length control field s1922 j 000 0 eng u
040 ## - CATALOGING SOURCE
Transcribing agency
100 1# - MAIN ENTRY--PERSONAL NAME
Personal name Page, John C.
245 10 - TITLE STATEMENT
Title Studies in the Epistle to the Romans.
260 ## - PUBLICATION, DISTRIBUTION, ETC. (IMPRINT)
Place of publication, distribution, etc Chicago, IL., :
Name of publisher, distributor, etc The Bible Institute Colportage Association
Date of publication, distribution, etc c1922
300 ## - PHYSICAL DESCRIPTION
Extent 79 p. ;
Dimensions 18 cm.
650 ## - SUBJECT ADDED ENTRY--TOPICAL TERM
Topical term or geographic name as entry element Bible New Testament Romans
General subdivision Study
942 ## - ADDED ENTRY ELEMENTS (KOHA)
Source of classification or shelving scheme
Koha item type Books
Copies
Not for loan Damaged status Koha item type Full call number Withdrawn status Price effective from Permanent Location Shelving location Copy number Lost status Date acquired Barcode Date last seen Source of classification or shelving scheme
  BooksBS 2665 .P3 2010-04-14RHEMA Bible Training CollegeGeneral Stacks1 2010-04-1434402018-03-28